000 00717cam a22002291 4500
001 war17000109
003 DLC
005 20260227112811.0
008 850314s1917 dcu f000 0 eng c
010 _awar17000109
035 _a(OCoLC)11802785
040 _aU.S. Army War Coll. Libr.
_cNhD
_dDLC
042 _apremarc
050 0 0 _aUC323
_b.A5 1917
110 1 _aUnited States.
_bWar Department.
245 1 0 _aHarbor boat service regulations.
_b1917.
260 _aWashington,
_bU.S. Govt. Print. Off.,
_c1917.
300 _a29 p.
_c15 x 11 cm.
500 _aAt head of title: United States Army.
500 _aOn verso of t.-p.: War dept., Document no. 570.
610 1 0 _aUnited States.
_bHarbor boat service.
999 _c92318
_d92318